[Event "Titled Tuesday intern op 01st Aug Early"]
[Site "Chess.com INT"]
[Date "2023.08.01"]
[Round "3"]
[White "Gireman, Ja"]
[Black "Ter Sahakyan, Samvel"]
[Result "0-1"]
[WhiteElo "2199"]
[BlackElo "2609"]
[PlyCount "57"]
[EventDate "2023.08.01"]
[EventType "swiss (blitz)"]
[EventRounds "11"]
[EventCountry "USA"]
[SourceTitle "EXT 2024"]
[Source "ChessBase"]
[SourceDate "2023.10.10"]
[SourceVersion "1"]
[SourceVersionDate "2023.10.10"]
[SourceQuality "1"]

1. e4 c5 2. Nf3 e6 3. d4 cxd4 4. Nxd4 Nf6 5. Nc3 Nc6 6. Be2 Bb4 7. Nxc6 bxc6 8. 0-0 d5 9. e5 Nd7 10. f4 0-0 11. Kh1 f6 12. exf6 Nxf6 13. Be3 Bd6 14. Bf3 Bb7 15. Re1 c5 16. Na4 Qc7 17. c4 d4 18. Bd2 Rae8 19. Rc1 Bxf3 20. Qxf3 Kh8 21. Qe2 e5 22. fxe5 Bxe5 23. Qf3 h6 24. Qh3 Qc6 25. Bxh6 Kg8 26. Rxe5 Rxe5 27. Bxg7 Rh5 28. Qg3 Ne4 29. Qe1 0-1

[Event "Titled Tuesday intern op 01st Aug Early"]
[Site "Chess.com INT"]
[Date "2023.08.01"]
[Round "7"]
[White "Remizov, Yaroslav"]
[Black "Gireman, Ja"]
[Result "1-0"]
[WhiteElo "2440"]
[BlackElo "2199"]
[PlyCount "59"]
[EventDate "2023.08.01"]
[EventType "swiss (blitz)"]
[EventRounds "11"]
[EventCountry "USA"]
[SourceTitle "EXT 2024"]
[Source "ChessBase"]
[SourceDate "2023.10.10"]
[SourceVersion "1"]
[SourceVersionDate "2023.10.10"]
[SourceQuality "1"]

1. e4 e6 2. d4 d5 3. Nd2 Be7 4. Ngf3 c5 5. exd5 cxd4 6. dxe6 Bxe6 7. Bd3 Nf6 8. 0-0 0-0 9. Nb3 Bxb3 10. axb3 Nc6 11. Bf4 Nd5 12. Bg3 f5 13. Be5 Nxe5 14. Nxe5 Bd6 15. Nf3 Kh8 16. Bc4 Nf4 17. Qxd4 Rf6 18. Rxa7 b5 19. Bxb5 Rg6 20. g3 Qb8 21. Rfa1 Rxa7 22. Rxa7 h5 23. Bf1 Ne6 24. Qa4 Nc5 25. Qa5 Kh7 26. Ra8 Qb7 27. Qd8 Re6 28. Ng5+ Kg6 29. Nxe6 Nxe6 30. Qxd6 1-0

[Event "Titled Tuesday intern op 25th Jul Late"]
[Site "Chess.com INT"]
[Date "2023.07.25"]
[Round "7"]
[White "Grigoriants, Sergey"]
[Black "Gireman, Ja"]
[Result "1-0"]
[WhiteElo "2562"]
[BlackElo "2199"]
[PlyCount "39"]
[EventDate "2023.07.25"]
[EventType "swiss (blitz)"]
[EventRounds "11"]
[EventCountry "USA"]
[SourceTitle "EXT 2024"]
[Source "ChessBase"]
[SourceDate "2023.10.10"]
[SourceVersion "1"]
[SourceVersionDate "2023.10.10"]
[SourceQuality "1"]

1. d4 Nf6 2. c4 g6 3. f3 d5 4. cxd5 Nxd5 5. e4 Nb6 6. Be3 Bg7 7. Nc3 0-0 8. Qd2 f5 9. 0-0-0 fxe4 10. fxe4 Be6 11. Nf3 Bc4 12. Bh6 Bxf1 13. Bxg7 Kxg7 14. Rhxf1 e6 15. Ng5 Qe7 16. Rxf8 Kxf8 17. Rf1+ Kg8 18. Rf7 Qb4 19. Qf2 N8d7 20. Rxd7 1-0

[Event "Titled Tuesday intern op 7th Mar Late"]
[Site "Chess.com INT"]
[Date "2023.03.07"]
[Round "3"]
[White "Dominguez Perez, Leinier"]
[Black "Gireman, Ja"]
[Result "1-0"]
[WhiteElo "2743"]
[BlackElo "2199"]
[PlyCount "46"]
[EventDate "2023.03.07"]
[EventType "swiss (blitz)"]
[EventRounds "11"]
[EventCountry "USA"]
[SourceTitle "EXT 2024"]
[Source "ChessBase"]
[SourceDate "2023.10.10"]
[SourceVersion "1"]
[SourceVersionDate "2023.10.10"]
[SourceQuality "1"]

1. e4 e6 2. d4 d5 3. e5 Be7 4. Bd3 c5 5. c3 Nc6 6. Nf3 Nh6 7. Bxh6 gxh6 8. 0-0 Qb6 9. Qd2 c4 10. Be2 Bd7 11. Qc2 f6 12. exf6 Bxf6 13. Nbd2 0-0 14. b3 cxb3 15. Nxb3 Be8 16. Nc5 Bg6 17. Bd3 Ne7 18. Rab1 Qd6 19. Rxb7 Rf7 20. Re1 Bh5 21. Ne5 Bxe5 22. Rxe5 Raf8 23. Rxe6 Qd8 1-0

[Event "Speed Chess Q1"]
[Site "Chess.com INT"]
[Date "2022.11.10"]
[Round "6"]
[White "Gireman, Ja"]
[Black "Czernikowska, Laura"]
[Result "0-1"]
[WhiteElo "2185"]
[BlackElo "1559"]
[PlyCount "42"]
[EventDate "2022.11.10"]
[EventType "swiss (blitz)"]
[EventRounds "14"]
[EventCountry "USA"]
[SourceTitle "CBM 211 Extra"]
[Source "ChessBase"]
[SourceDate "2023.01.31"]
[SourceVersion "1"]
[SourceVersionDate "2023.01.31"]
[SourceQuality "1"]

1. e4 c5 2. Nf3 Nc6 3. d4 cxd4 4. Nxd4 g6 5. Be3 Bg7 6. Nc3 Nf6 7. h3 0-0 8. Be2 d6 9. Qd2 Bd7 10. 0-0-0 Qa5 11. Kb1 Rfc8 12. a3 Ne5 13. f4 Nc4 14. Bxc4 Rxc4 15. Nb3 Qa6 16. e5 Ne8 17. Nd5 Kf8 18. exd6 Nxd6 19. Nc5 Qb5 20. Nb3 Rac8 21. Qe2 Rxc2 0-1

[Event "Speed Chess Q1"]
[Site "Chess.com INT"]
[Date "2022.11.10"]
[Round "7"]
[White "Samaganova, Alexandra"]
[Black "Gireman, Ja"]
[Result "1-0"]
[WhiteElo "1884"]
[BlackElo "2185"]
[PlyCount "79"]
[EventDate "2022.11.10"]
[EventType "swiss (blitz)"]
[EventRounds "14"]
[EventCountry "USA"]
[SourceTitle "CBM 211 Extra"]
[Source "ChessBase"]
[SourceDate "2023.01.31"]
[SourceVersion "1"]
[SourceVersionDate "2023.01.31"]
[SourceQuality "1"]

1. c4 Nf6 2. Nc3 g6 3. g3 Bg7 4. Bg2 0-0 5. e3 e5 6. Nge2 c5 7. 0-0 Nc6 8. d4 cxd4 9. exd4 d6 10. d5 Na5 11. b3 b6 12. h3 h5 13. Bg5 Bf5 14. Qd2 Qc8 15. Kh2 Nb7 16. f4 Nc5 17. fxe5 dxe5 18. Qe3 Nh7 19. Bh6 Re8 20. Bxg7 Kxg7 21. Rad1 Nf6 22. Rf2 h4 23. Rdf1 Rh8 24. Rxf5 gxf5 25. Qg5+ Kf8 26. Qxf6 Rh7 27. Rxf5 Qd8 28. Qxe5 hxg3+ 29. Nxg3 Rg7 30. Nh5 Rg8 31. Qf4 Qe7 32. Nf6 Rg6 33. d6 Qe6 34. Bxa8 Nd3 35. Qf3 Qxd6+ 36. Kh1 Qd4 37. Nh7+ Kg8 38. Nf6+ Kf8 39. Nh7+ Kg8 40. Rg5 1-0

[Event "Speed Chess Q1"]
[Site "Chess.com INT"]
[Date "2022.11.10"]
[Round "5"]
[White "Strybuk, Artsiom I"]
[Black "Gireman, Ja"]
[Result "1-0"]
[WhiteElo "2312"]
[BlackElo "2185"]
[PlyCount "69"]
[EventDate "2022.11.10"]
[EventType "swiss (blitz)"]
[EventRounds "14"]
[EventCountry "USA"]
[SourceTitle "CBM 211 Extra"]
[Source "ChessBase"]
[SourceDate "2023.01.31"]
[SourceVersion "1"]
[SourceVersionDate "2023.01.31"]
[SourceQuality "1"]

1. d4 Nf6 2. c4 g6 3. g3 d5 4. cxd5 Nxd5 5. Bg2 Bg7 6. Nf3 0-0 7. 0-0 Nb6 8. Nc3 Nc6 9. e3 e5 10. d5 Nb4 11. e4 a5 12. a3 Na6 13. Qe2 Re8 14. Bg5 f6 15. Be3 f5 16. Rac1 Nd7 17. Ng5 Nf6 18. Rfd1 Ng4 19. Ne6 Bxe6 20. dxe6 Qf6 21. exf5 gxf5 22. Bxb7 Ra7 23. Bxa6 Rxa6 24. Qxa6 f4 25. Ba7 Qh6 26. h4 Bf6 27. Qe2 Qh5 28. Ne4 Bxh4 29. gxh4 Qxh4 30. Qxg4+ Qxg4+ 31. Kf1 Qxe6 32. Rxc7 Qh3+ 33. Ke2 Qg4+ 34. f3 Qg2+ 35. Bf2 1-0

[Event "Titled Tuesday intern op 08th Nov Early"]
[Site "Chess.com INT"]
[Date "2022.11.08"]
[Round "1"]
[White "Bortnyk, Olexandr"]
[Black "Gireman, Ja"]
[Result "1-0"]
[WhiteElo "2604"]
[BlackElo "2185"]
[PlyCount "85"]
[EventDate "2022.11.08"]
[EventType "swiss (blitz)"]
[EventRounds "11"]
[EventCountry "USA"]
[SourceTitle "EXT 2024"]
[Source "ChessBase"]
[SourceDate "2023.10.10"]
[SourceVersion "1"]
[SourceVersionDate "2023.10.10"]
[SourceQuality "1"]

1. e4 e6 2. d4 d5 3. Nc3 Bb4 4. Qd3 c5 5. dxc5 Nf6 6. exd5 Qxd5 7. Be3 Qxd3 8. Bxd3 Nd5 9. Bd4 Nc6 10. Bb5 Bd7 11. Bxc6 Bxc6 12. Nge2 f6 13. a3 Nxc3 14. axb4 Nxe2 15. Kxe2 e5 16. Be3 Kf7 17. f3 Bb5+ 18. Kf2 Rhc8 19. b3 a6 20. c4 Bc6 21. Rhd1 Rd8 22. Ke2 h6 23. Rxd8 Rxd8 24. Ra5 e4 25. b5 exf3+ 26. gxf3 axb5 27. cxb5 Bd5 28. Ra7 Ke6 29. Bf4 g5 30. Bd6 f5 31. Kf2 f4 32. b4 Kf5 33. Ra1 Bc4 34. b6 Re8 35. c6 Re2+ 36. Kg1 Bd5 37. c7 Rc2 38. Ra8 Be6 39. Rf8+ Kg6 40. Bc5 g4 41. fxg4 Bxg4 42. Rg8+ Kh5 43. Rxg4 1-0

[Event "Titled Tuesday intern op 08th Nov Late"]
[Site "Chess.com INT"]
[Date "2022.11.08"]
[Round "1"]
[White "Deac, Bogdan Daniel"]
[Black "Gireman, Ja"]
[Result "1-0"]
[WhiteElo "2700"]
[BlackElo "2185"]
[PlyCount "65"]
[EventDate "2022.11.08"]
[EventType "swiss (blitz)"]
[EventRounds "11"]
[EventCountry "USA"]
[SourceTitle "EXT 2024"]
[Source "ChessBase"]
[SourceDate "2023.10.10"]
[SourceVersion "1"]
[SourceVersionDate "2023.10.10"]
[SourceQuality "1"]

1. Nf3 Nf6 2. b3 g6 3. Bb2 Bg7 4. g3 0-0 5. Bg2 d6 6. d4 Nbd7 7. 0-0 Rb8 8. c4 b5 9. Nbd2 c6 10. Rc1 Bb7 11. Re1 Qa5 12. a3 c5 13. dxc5 dxc5 14. e4 Rfd8 15. Qc2 Bh6 16. Rcd1 Nb6 17. e5 Ne8 18. cxb5 Qxb5 19. a4 Qc6 20. e6 fxe6 21. h4 Nf6 22. a5 Nbd7 23. Nc4 Nf8 24. Qe2 Qb5 25. Rxd8 Rxd8 26. Bh3 Qxb3 27. Bxe6+ Kh8 28. Ng5 Nxe6 29. Qxe6 Rd7 30. Bxf6+ exf6 31. Qxf6+ Kg8 32. Re8+ Bf8 33. Rxf8# 1-0

[Event "Titled Tuesday intern op 08th Nov Early"]
[Site "Chess.com INT"]
[Date "2022.11.08"]
[Round "2"]
[White "Gireman, Ja"]
[Black "Prohorov, Olexandr"]
[Result "1-0"]
[WhiteElo "2185"]
[BlackElo "2086"]
[PlyCount "97"]
[EventDate "2022.11.08"]
[EventType "swiss (blitz)"]
[EventRounds "11"]
[EventCountry "USA"]
[SourceTitle "EXT 2024"]
[Source "ChessBase"]
[SourceDate "2023.10.10"]
[SourceVersion "1"]
[SourceVersionDate "2023.10.10"]
[SourceQuality "1"]

1. e4 c5 2. Nf3 e6 3. d4 cxd4 4. Nxd4 Qb6 5. Nc3 Bc5 6. Na4 Qa5+ 7. c3 Bxd4 8. Qxd4 Nf6 9. f3 Nc6 10. Qd1 d5 11. b4 Qc7 12. exd5 Nxd5 13. Bd3 0-0 14. 0-0 Ne5 15. Bb2 Nxd3 16. Qxd3 b6 17. c4 Nf4 18. Qc2 Bd7 19. Kh1 Bxa4 20. Qxa4 Qxc4 21. Rfc1 Qe2 22. Rc2 Qe3 23. Qc6 Rad8 24. Rg1 Rd2 25. Rxd2 Qxd2 26. Bc1 Qd4 27. Bxf4 Qxf4 28. a3 Rd8 29. Qb7 Qb8 30. Qxb8 Rxb8 31. Rc1 Rd8 32. h3 h5 33. Rc7 Ra8 34. Rb7 g6 35. a4 Kg7 36. a5 bxa5 37. bxa5 a6 38. Kg1 Kf6 39. Kf2 e5 40. Rb6+ Kf5 41. Ke3 f6 42. g4+ hxg4 43. hxg4+ Kg5 44. Ke4 Ra7 45. Rd6 Ra8 46. Kd5 Ra7 47. Kc6 Ra8 48. Kb7 f5 49. Kxa8 1-0

[Event "Titled Tuesday intern op 01st Nov Early"]
[Site "Chess.com INT"]
[Date "2022.11.01"]
[Round "5"]
[White "Gireman, Ja"]
[Black "Itkis, Boris"]
[Result "1-0"]
[WhiteElo "2185"]
[BlackElo "2343"]
[PlyCount "107"]
[EventDate "2022.11.01"]
[EventType "swiss (blitz)"]
[EventRounds "11"]
[EventCountry "USA"]
[SourceTitle "EXT 2024"]
[Source "ChessBase"]
[SourceDate "2023.10.10"]
[SourceVersion "1"]
[SourceVersionDate "2023.10.10"]
[SourceQuality "1"]

1. e4 c5 2. Nf3 Nc6 3. d4 cxd4 4. Nxd4 g6 5. Nc3 Bg7 6. Be3 Nf6 7. h4 0-0 8. h5 d5 9. hxg6 hxg6 10. Nxc6 bxc6 11. e5 Ng4 12. Bf4 Qb6 13. Qd2 Nxe5 14. 0-0-0 Rb8 15. b3 Bf5 16. Bh6 Ng4 17. Bxg7 Kxg7 18. Bd3 Qxf2 19. Qg5 Qe3+ 20. Qxe3 Nxe3 21. Rd2 Bxd3 22. Rxd3 Nxg2 23. Ne2 Rh8 24. Rg1 Nh4 25. Nf4 Nf5 26. Rf3 Rbf8 27. Rf2 e5 28. Nd3 e4 29. Ne5 Nd4 30. c3 Nf3 31. Nxf3 exf3 32. Rxf3 Re8 33. Kb2 Rh2+ 34. Ka3 Ree2 35. Kb4 Rxa2 36. Kc5 Ra3 37. b4 a5 38. Rgf1 f5 39. Kxc6 axb4 40. cxb4 Rxf3 41. Rxf3 Rb2 42. b5 Kf6 43. b6 g5 44. Rd3 g4 45. Rxd5 Rxb6+ 46. Kxb6 g3 47. Kc5 g2 48. Rd1 f4 49. Kd4 Kf5 50. Rg1 f3 51. Ke3 Kg4 52. Kf2 Kh3 53. Kxf3 Kh2 54. Rxg2+ 1-0

[Event "Titled Tuesday intern op 01st Nov Early"]
[Site "Chess.com INT"]
[Date "2022.11.01"]
[Round "7"]
[White "Gireman, Ja"]
[Black "Kvaloy, Aksel Bu"]
[Result "1-0"]
[WhiteElo "2185"]
[BlackElo "2272"]
[PlyCount "143"]
[EventDate "2022.11.01"]
[EventType "swiss (blitz)"]
[EventRounds "11"]
[EventCountry "USA"]
[SourceTitle "EXT 2024"]
[Source "ChessBase"]
[SourceDate "2023.10.10"]
[SourceVersion "1"]
[SourceVersionDate "2023.10.10"]
[SourceQuality "1"]

1. e4 e5 2. Nf3 Nf6 3. Nxe5 Nc6 4. Nf3 Nxe4 5. Nc3 Nxc3 6. dxc3 Bc5 7. Bd3 Qe7+ 8. Qe2 Qxe2+ 9. Kxe2 0-0 10. Rd1 d6 11. Kf1 Bg4 12. h3 Bxf3 13. gxf3 Ne5 14. Be2 c6 15. Be3 Rad8 16. b4 Bb6 17. a4 Bxe3 18. fxe3 d5 19. Kf2 Rd6 20. c4 Rfd8 21. cxd5 cxd5 22. f4 Nc6 23. c3 Rh6 24. Bf3 Rxh3 25. Bxd5 Re8 26. Bf3 Rh2+ 27. Bg2 Re6 28. Kg1 Rh4 29. Bxc6 h5 30. Bxb7 Rxe3 31. Bg2 Rxc3 32. Rd2 Rxf4 33. b5 Rg3 34. a5 Rb4 35. b6 a6 36. Kh2 h4 37. b7 Rgb3 38. Rc1 h3 39. Rc8+ Kh7 40. Rdd8 hxg2 41. b8Q g1Q+ 42. Kxg1 Rb1+ 43. Kf2 R1b2+ 44. Kg3 R2b3+ 45. Kh2 Rb2+ 46. Kh3 R2b3+ 47. Qg3 Rxg3+ 48. Kxg3 Rb5 49. Rh8+ Kg6 50. Rc6+ Kf5 51. Rxa6 Rb3+ 52. Kf2 g5 53. Ra7 f6 54. Rf8 Ke5 55. Re7+ Kf5 56. Ref7 Rb2+ 57. Ke3 Rb3+ 58. Kd2 Ke4 59. Rxf6 Rb2+ 60. Kc3 Ra2 61. a6 g4 62. Kb3 g3 63. Kxa2 g2 64. Rg6 Ke3 65. Rxg2 Ke4 66. a7 Ke5 67. Re2+ Kd4 68. Rd8+ Kc4 69. Rc2+ Kb4 70. Rb8+ Ka5 71. Rc3 Ka4 72. Ra3# 1-0

[Event "Titled Tuesday intern op 01st Nov Late"]
[Site "Chess.com INT"]
[Date "2022.11.01"]
[Round "2"]
[White "Kanyamarala, Tarun"]
[Black "Gireman, Ja"]
[Result "0-1"]
[WhiteElo "2366"]
[BlackElo "2185"]
[PlyCount "150"]
[EventDate "2022.11.01"]
[EventType "swiss (blitz)"]
[EventRounds "11"]
[EventCountry "USA"]
[SourceTitle "EXT 2024"]
[Source "ChessBase"]
[SourceDate "2023.10.10"]
[SourceVersion "1"]
[SourceVersionDate "2023.10.10"]
[SourceQuality "1"]

1. d4 Nf6 2. Nc3 d5 3. Bf4 c5 4. e3 Nc6 5. Nb5 e5 6. dxe5 Ng4 7. e6 Nge5 8. Nf3 f6 9. Qxd5 Qxd5 10. Nc7+ Kd8 11. Nxd5 Bxe6 12. 0-0-0 Kc8 13. Bb5 Bxd5 14. Rxd5 Nb4 15. Rd2 a6 16. Be2 Ng6 17. Bg3 Be7 18. a3 Nc6 19. Rhd1 Rd8 20. Nh4 Nxh4 21. Rxd8+ Bxd8 22. Bxh4 Bc7 23. Bg4+ Kb8 24. Rd7 g5 25. Bg3 Bxg3 26. hxg3 Ne5 27. Rd8+ Ka7 28. Rxa8+ Kxa8 29. Bf5 h6 30. b3 Kb8 31. f4 Nf7 32. Kd2 Kc7 33. Kd3 Nd6 34. Be6 Kc6 35. e4 Nb5 36. Bd5+ Kc7 37. a4 Na7 38. e5 fxe5 39. fxe5 Nc8 40. Ke4 Ne7 41. Bc4 Kc6 42. Bf7 b5 43. Be8+ Kb6 44. axb5 axb5 45. e6 b4 46. Ke5 Kc7 47. Kf6 Kd6 48. Bd7 Nd5+ 49. Kf7 Nc7 50. Bc8 Nd5 51. Kg6 Ne7+ 52. Kxh6 Nxc8 53. Kxg5 Kxe6 54. Kf4 Kd5 55. g4 Ne7 56. Kg5 Kd4 57. Kf6 Nd5+ 58. Kf7 Ne3 59. g5 Ng4 60. g6 Ne5+ 61. Kf6 Nxg6 62. Kxg6 Kc3 63. Kf5 Kxc2 64. g4 c4 65. bxc4 b3 66. g5 b2 67. g6 b1Q 68. g7 Qb8 69. Kg6 Qg8 70. c5 Kd3 71. c6 Ke4 72. c7 Ke5 73. c8Q Qxc8 74. Kh7 Kf6 75. g8Q Qh3# 0-1

[Event "Titled Tuesday intern op 01st Nov Early"]
[Site "Chess.com INT"]
[Date "2022.11.01"]
[Round "11"]
[White "Weetik, Vjacheslav"]
[Black "Gireman, Ja"]
[Result "1-0"]
[WhiteElo "2423"]
[BlackElo "2185"]
[PlyCount "121"]
[EventDate "2022.11.01"]
[EventType "swiss (blitz)"]
[EventRounds "11"]
[EventCountry "USA"]
[SourceTitle "EXT 2024"]
[Source "ChessBase"]
[SourceDate "2023.10.10"]
[SourceVersion "1"]
[SourceVersionDate "2023.10.10"]
[SourceQuality "1"]

1. d4 Nf6 2. c4 g6 3. Nc3 d5 4. cxd5 Nxd5 5. e4 Nxc3 6. bxc3 Bg7 7. Bg5 c5 8. Rc1 Qa5 9. Qd2 cxd4 10. cxd4 Qxd2+ 11. Kxd2 Bd7 12. Nf3 h6 13. Be3 0-0 14. Bd3 Rd8 15. h3 e6 16. Rc7 Bc6 17. Rb1 a5 18. Ke2 a4 19. Ne5 Bxe5 20. dxe5 Na6 21. Bxa6 Rxa6 22. f3 Ra5 23. Bxh6 Rxe5 24. h4 Rc5 25. Rb2 Bb5+ 26. Rxb5 Rxc7 27. Bg5 Rc2+ 28. Ke3 Rd7 29. Bf6 Rc8 30. Ra5 Rdc7 31. Rxa4 Rc2 32. g4 R2c5 33. Kf4 Kf8 34. Ra7 Rb5 35. a4 Rb3 36. h5 gxh5 37. gxh5 Rb1 38. h6 Kg8 39. Ra5 Kh7 40. Bg7 Rg1 41. Ra7 Rb1 42. Ke5 Rc3 43. f4 Kg6 44. Ra8 Rc5+ 45. Kd6 Rc4 46. Ke5 Rbb4 47. f5+ Kg5 48. Kd6 Rc7 49. Kxc7 Rxe4 50. h7 Rc4+ 51. Kb6 exf5 52. h8Q f4 53. Ka7 Kg4 54. Be5 Rxa4+ 55. Kb8 Re4 56. Qg7+ Kf5 57. Ra3 Rxe5 58. Qxf7+ Ke4 59. Qxb7+ Rd5 60. Ra5 Ke5 61. Qxd5+ 1-0

[Event "Titled Tuesday intern op 01st Nov Early"]
[Site "Chess.com INT"]
[Date "2022.11.01"]
[Round "1"]
[White "Xiong, Jeffery"]
[Black "Gireman, Ja"]
[Result "1-0"]
[WhiteElo "2692"]
[BlackElo "2185"]
[PlyCount "65"]
[EventDate "2022.11.01"]
[EventType "swiss (blitz)"]
[EventRounds "11"]
[EventCountry "USA"]
[SourceTitle "EXT 2024"]
[Source "ChessBase"]
[SourceDate "2023.10.10"]
[SourceVersion "1"]
[SourceVersionDate "2023.10.10"]
[SourceQuality "1"]

1. d4 Nf6 2. Nf3 g6 3. Nbd2 d5 4. b3 c5 5. dxc5 Bg7 6. Bb2 Nbd7 7. b4 a5 8. a3 0-0 9. e3 Qc7 10. Bb5 Ne4 11. Bxg7 Kxg7 12. Nxe4 dxe4 13. Nd2 Rd8 14. Qc1 Nf6 15. h3 Qe5 16. c3 Qg5 17. Bf1 Nd5 18. Nb3 e5 19. Nxa5 Be6 20. Nc4 f5 21. Nd6 f4 22. c4 fxe3 23. cxd5 exf2+ 24. Kxf2 Rf8+ 25. Kg1 e3 26. dxe6 Rf2 27. Nc4 Raf8 28. Qxe3 Qh4 29. Qxe5+ R8f6 30. e7 R2f5 31. e8N+ Kh6 32. Qe3+ g5 33. Nxf6 1-0

[Event "Titled Tuesday intern op 25th Oct Late"]
[Site "Chess.com INT"]
[Date "2022.10.25"]
[Round "3"]
[White "Faizrakhmanov, Ramil"]
[Black "Gireman, Ja"]
[Result "0-1"]
[WhiteElo "2469"]
[BlackElo "2185"]
[PlyCount "60"]
[EventDate "2022.10.25"]
[EventType "swiss (blitz)"]
[EventRounds "11"]
[EventCountry "USA"]
[SourceTitle "EXT 2024"]
[Source "ChessBase"]
[SourceDate "2023.10.10"]
[SourceVersion "1"]
[SourceVersionDate "2023.10.10"]
[SourceQuality "1"]

1. d4 Nf6 2. c4 g6 3. Nc3 d5 4. cxd5 Nxd5 5. e4 Nxc3 6. bxc3 Bg7 7. Nf3 c5 8. Bb5+ Nc6 9. Rb1 0-0 10. d5 a6 11. Be2 Na5 12. c4 b5 13. cxb5 c4 14. bxa6 Bxa6 15. 0-0 Nb7 16. Nd4 Nc5 17. Nc6 Qc7 18. Qc2 Nd3 19. Ba3 Rfe8 20. g3 Qd7 21. Rfd1 e6 22. Nb4 Bb5 23. dxe6 Qxe6 24. Nxd3 cxd3 25. Bxd3 Ba4 26. Qc5 Bxd1 27. Bc4 Qg4 28. h3 Qf3 29. Qd5 Rad8 30. Qb7 Bd4 0-1

[Event "Titled Tuesday intern op 25th Oct Late"]
[Site "Chess.com INT"]
[Date "2022.10.25"]
[Round "8"]
[White "Gireman, Ja"]
[Black "Sanchez, Roberto Daniel"]
[Result "1-0"]
[WhiteElo "2185"]
[BlackElo "1971"]
[PlyCount "97"]
[EventDate "2022.10.25"]
[EventType "swiss (blitz)"]
[EventRounds "11"]
[EventCountry "USA"]
[SourceTitle "EXT 2024"]
[Source "ChessBase"]
[SourceDate "2023.10.10"]
[SourceVersion "1"]
[SourceVersionDate "2023.10.10"]
[SourceQuality "1"]

1. d4 d5 2. Nc3 e6 3. e4 Nf6 4. Bg5 Be7 5. e5 Nfd7 6. h4 h6 7. Bxe7 Qxe7 8. Qg4 0-0 9. f4 f5 10. Qg3 a6 11. 0-0-0 c5 12. Nf3 c4 13. h5 b5 14. Qg6 Nb6 15. Be2 b4 16. Nb1 Bd7 17. Rdg1 Nc6 18. g4 Be8 19. g5 Bxg6 20. hxg6 c3 21. gxh6 cxb2+ 22. Kxb2 Nc4+ 23. Bxc4 dxc4 24. hxg7 c3+ 25. Kc1 Qxg7 26. Rh7 Qxh7 27. gxh7+ Kxh7 28. Ng5+ Kh6 29. Nxe6 Rg8 30. Rh1+ Kg6 31. d5 Na5 32. a3 Nc4 33. axb4 Rh8 34. Rg1+ Kh5 35. Nxc3 Rag8 36. Ng7+ Kh4 37. Nxf5+ Kh3 38. Rd1 Rg2 39. d6 Kg4 40. Nd4 Kxf4 41. d7 Kxe5 42. d8Q Rxd8 43. Nc6+ Kf4 44. Nxd8 Ne3 45. Rd4+ Kf3 46. Rd2 Rg1+ 47. Nd1 Nc4 48. Rd3+ Ke4 49. Nc6 1-0

[Event "Riga Tech op 7th"]
[Site "Riga"]
[Date "2017.08.07"]
[Round "1"]
[White "Gireman, Ja"]
[Black "Kunin, Vitaly L"]
[Result "0-1"]
[WhiteElo "2208"]
[BlackElo "2551"]
[PlyCount "164"]
[EventDate "2017.08.07"]
[EventType "swiss"]
[EventRounds "9"]
[EventCountry "LAT"]
[SourceTitle "CBM 179 Extra"]
[Source "ChessBase"]
[SourceDate "2017.08.23"]
[SourceVersion "1"]
[SourceVersionDate "2017.08.23"]
[SourceQuality "1"]

1. e4 d6 2. d4 Nf6 3. Nc3 e5 4. Nf3 Nbd7 5. g4 Nxg4 6. Rg1 Ngf6 7. dxe5 dxe5 8. Bc4 h6 9. Be3 c6 10. a4 Qc7 11. Qe2 Nb6 12. Bb3 Bg4 13. 0-0-0 Bh5 14. Bxb6 axb6 15. Qc4 Bd6 16. Rxg7 0-0-0 17. Rd3 Rhg8 18. Rxg8 Rxg8 19. Kb1 Kb8 20. Nh4 Bc5 21. f3 Ne8 22. Nf5 Nd6 23. Nxd6 Bxd6 24. Ne2 Rg2 25. Ng3 Rxh2 26. Nxh5 Rxh5 27. Rd1 Bc5 28. Qxf7 Qxf7 29. Bxf7 Rh3 30. Be6 Rxf3 31. Bf5 Be7 32. Rh1 Bg5 33. Bg4 Rf7 34. Bf5 Rg7 35. Rd1 Kc7 36. c3 Bf4 37. Be6 b5 38. axb5 cxb5 39. Bf5 Kc6 40. Be6 h5 41. Bf5 h4 42. Rd3 Rg1+ 43. Kc2 Rg2+ 44. Kb1 Rg7 45. Rd1 Bg3 46. Kc2 Bf2 47. Rd3 Bc5 48. Rd2 b4 49. cxb4 Bxb4 50. Rh2 Be1 51. Re2 Rg1 52. Re3 Rg2+ 53. Kb1 Rg1 54. Kc2 b6 55. Rd3 Bf2 56. Bd7+ Kc7 57. Bh3 Bd4 58. b3 Re1 59. Bf5 Ra1 60. Rh3 Bf2 61. Rd3 Ra2+ 62. Kd1 Ra8 63. Rd7+ Kc6 64. Rd3 Bd4 65. Rh3 Rh8 66. Ke2 Kc5 67. Be6 Kb4 68. Bd5 Bc5 69. Be6 Be7 70. Bd5 Bg5 71. Kf3 Bf4 72. Ke2 Bg3 73. Rh1 h3 74. Be6 h2 75. Kf1 Rh6 76. Bd5 Bf4 77. Kg2 Rg6+ 78. Kf1 Kc3 79. Bf7 Rg7 80. Be6 Kd3 81. Bd5 Ke3 82. b4 Kf3 0-1

[Event "New Delhi Parsvnath op 15th"]
[Site "New Delhi"]
[Date "2017.01.16"]
[Round "10"]
[White "Gireman, Ja"]
[Black "Gajwa, Ankit"]
[Result "0-1"]
[WhiteElo "2199"]
[BlackElo "2275"]
[PlyCount "94"]
[EventDate "2017.01.09"]
[EventType "swiss"]
[EventRounds "10"]
[EventCountry "IND"]
[SourceTitle "CBM 176 Extra"]
[Source "ChessBase"]
[SourceDate "2017.03.02"]
[SourceVersion "1"]
[SourceVersionDate "2017.03.02"]
[SourceQuality "1"]

1. e4 e5 2. Nf3 Nc6 3. Bc4 Nf6 4. d4 exd4 5. 0-0 Nxe4 6. Re1 d5 7. Bxd5 Qxd5 8. Nc3 Qa5 9. Nxe4 Be6 10. Neg5 0-0-0 11. Nxe6 fxe6 12. Rxe6 h6 13. Qe2 g5 14. Bd2 Qd5 15. h3 Bg7 16. a4 d3 17. cxd3 Bxb2 18. Re1 Bg7 19. Rg6 Bf8 20. Bc3 Rh7 21. Re6 Be7 22. Qb2 Rd6 23. Rxd6 Bxd6 24. Re8+ Kd7 25. Re1 Kc8 26. Rb1 b6 27. Qb5 Qxb5 28. axb5 Ne7 29. Ra1 Kb7 30. Be5 Bxe5 31. Nxe5 c6 32. bxc6+ Nxc6 33. Ng4 b5 34. Rd1 Nd4 35. Re1 a5 36. Nf6 Rf7 37. Ne4 Kb6 38. Rb1 Rc7 39. h4 gxh4 40. f4 a4 41. Nd2 Rc2 42. Nc4+ Kc5 43. Ne3 Re2 44. Rc1+ Kd6 45. Nd1 a3 46. Nc3 b4 47. Na4 a2 0-1

[Event "Wch U16"]
[Site "Al Ain"]
[Date "2013.12.27"]
[Round "10"]
[White "Gireman, Ja"]
[Black "Cortes Orihuela, Javier"]
[Result "1/2-1/2"]
[WhiteElo "2248"]
[BlackElo "2131"]
[PlyCount "112"]
[EventDate "2013.12.18"]
[EventType "swiss"]
[EventRounds "11"]
[EventCountry "UAE"]
[SourceTitle "CBM 158 Extra"]
[Source "ChessBase"]
[SourceDate "2014.02.28"]
[SourceVersion "1"]
[SourceVersionDate "2014.02.28"]
[SourceQuality "1"]

1. e4 e5 2. Nf3 Nf6 3. Nxe5 d6 4. Nf3 Nxe4 5. Nc3 Nxc3 6. dxc3 Be7 7. Be3 Nc6 8. Qd2 Be6 9. h4 Qd7 10. 0-0-0 Bf6 11. Ng5 Ne5 12. Nxe6 Qxe6 13. Kb1 Nc4 14. Bxc4 Qxc4 15. Bg5 Bxg5 16. Qxg5 0-0 17. h5 h6 18. Qg3 Rfe8 19. f3 Qc5 20. Qf4 Re2 21. g4 Rae8 22. a3 Qe3 23. Qf5 Qe5 24. Qd7 Qa5 25. c4 R8e7 26. Qb5 Qxb5 27. cxb5 R2e5 28. a4 Re2 29. Rd3 R7e3 30. Rhd1 Kf8 31. a5 b6 32. a6 Ke7 33. b3 Rxd3 34. Rxd3 Kd7 35. Kb2 Re5 36. c4 Re2+ 37. Kc3 Ra2 38. Re3 Ra1 39. Kd4 Rd1+ 40. Ke4 c6 41. bxc6+ Kxc6 42. Rc3 Re1+ 43. Kf4 Rb1 44. g5 hxg5+ 45. Kxg5 Kd7 46. f4 Ra1 47. Rg3 Ke7 48. Re3+ Kf8 49. Rd3 Ke7 50. f5 Rg1+ 51. Kf4 Rh1 52. Kg4 Ra1 53. Re3+ Kf6 54. Rd3 Ke7 55. Kg5 Rg1+ 56. Kf4 Ra1 1/2-1/2